00401nam a2200121Ia 4500008004100000245013800041260001700179260000900196300000900205650002300214650001200237856003000249170516s9999 xx 000 0 und d aAbsorption Reconstruction Improves Biodistribution Assessment of Fluorescent Nanoprobes Using Hybrid Fluorescence-mediated Tomography bTheranostics c2014 a4:10 xMedical Technology xMedtech uhttp://www.thno.org/v4i10